Statistics for Best and Worst States to do Business in

Click here to take the quiz!

General Stats

  • This quiz has been taken 58 times
  • The average score is 23 of 30

Answer Stats

Overall RankState% Correct
#36New York
96%
#5Texas
96%
#11Florida
94%
#2Washington
92%
#15Ohio
90%
#49Alaska
85%
#10Georgia
85%
#4Colorado
83%
#46Hawaii
83%
#8Utah
83%
#50Mississippi
81%
#13North Dakota
81%
#6Tennessee
81%
#46New Mexico
79%
#14Indiana
77%
#1North Carolina
77%
#43Maine
75%
#3Virginia
75%
#41Arkansas
73%
#48Louisiana
73%
#42New Jersey
73%
#36South Carolina
73%
#39Nevada
71%
#7Nebraska
69%
#38Oklahoma
67%
#44West Virginia
67%
#9Minnesota
65%
#45Rhode Island
60%
#39Connecticut
58%
#12Iowa
56%

Score Distribution

Percentile by Number Answered

Percent of People with Each Score

Your Score History

You have not taken this quiz